01437cam a2200217 450000100060000000300080000600500170001400800410003103500190007204000270009104100080011808200210012610000500014724502390019726000600043630000260049650400530052250505610057565000320113670000510116835812BD-RjUL20211209052402.0140609s1921 e b 001 0 eng d a(BD-RjUL)35907 aDLCcDLCdBD-RjULbeng aeng00a320.9bCAH 19091 aCarlyle, R. W.q(Robert Warrand),d1859-1934.02aA history of mediƦval political theory in the West /cby Sir R. W. Carlyle and A. J. Carlyle.nVol. IIpThe political theory of the Roman lawyers and the canonists, from the tenth century to the thirteenth century, by A. J. Carlyle.  aEdinburgh ;aLondon :bW. Blackwood & sons ltd.,c1909. axix, 274 p. ;c23 cm. aTexts of authorities referred to in each volume.0 aI. The second century to the ninth, by A. J. Carlyle, 3d ed. 1930.--II. The political theory of the Roman lawyers and the canonists, from the tenth century to the thirteenth century, by A. J. Carlyle. 2d impression. 1928.--III. Political theory from the tenth century to the thirteenth, by A. J. Carlyle. 1928.--IV. The theories of the relation of the empire and the papacy from the tenth century to the twelfth, by A. J. Carlyle. 2d impression. 1932.--V. The political theory of the thirteenth century. 1928.--VI. Political theory from 1300 to 1600. 1936. 0aPolitical sciencexHistory.1 aCarlyle, A. J.q(Alexander James),d1861-1943.